A commentary on routes to competence in the construction sector (Record no. 112360)

MARC details
000 -LEADER
fixed length control field 01312cad a22002655a 4500
001 - CONTROL NUMBER
control field L153076
008 - FIXED-LENGTH DATA ELEMENTS--GENERAL INFORMATION
fixed length control field 110602s2011 xxk f 000 0 eng d
035 ## - SYSTEM CONTROL NUMBER
System control number (Sirsi) u153076
041 0# - LANGUAGE CODE
Language code of text/sound track or separate title eng
100 1# - MAIN ENTRY--PERSONAL NAME
Personal name Pye, Keith C
110 2# - MAIN ENTRY--CORPORATE NAME
Corporate name or jurisdiction name as entry element Great Britain
Subordinate unit Health and Safety Executive
245 02 - TITLE STATEMENT
Title A commentary on routes to competence in the construction sector
Medium [electronic resource]
260 ## - PUBLICATION, DISTRIBUTION, ETC.
Place of publication, distribution, etc. Harrogate
Name of publisher, distributor, etc. HSE
Date of publication, distribution, etc. 2011
490 #0 - SERIES STATEMENT
Series statement Research Report
Volume/sequential designation RR877
520 ## - SUMMARY, ETC.
Summary, etc. The key questions of this research are whether current routes to competence - qualifications (both work-based and college-based), short courses, safety passport courses, competent person development, as well as on-the-job mentoring and general experience - are adequate for the sector, and whether our understanding of what makes a construction worker 'competent', in the deepest health and safety sense, remains sufficiently robust for current-day needs.
590 ## - LOCAL NOTE (RLIN)
Local note KA NTK
651 #4 - SUBJECT ADDED ENTRY--GEOGRAPHIC NAME
Geographic name United Kingdom
Chronological subdivision
690 ## - LOCAL SUBJECT ADDED ENTRY--TOPICAL TERM (OCLC, RLIN)
Topical term or geographic name as entry element MANAGEMENT-HEALTH AND SAFETY
690 ## - LOCAL SUBJECT ADDED ENTRY--TOPICAL TERM (OCLC, RLIN)
Topical term or geographic name as entry element BUILT ENVIRONMENT-CONSTRUCTION MARKET
700 1# - ADDED ENTRY--PERSONAL NAME
Personal name Pye, Miranda E
700 1# - ADDED ENTRY--PERSONAL NAME
Personal name Legard, James
710 1# - ADDED ENTRY--CORPORATE NAME
Corporate name or jurisdiction name as entry element Pye Tait Consulting
9 (RLIN) 6027
856 40 - ELECTRONIC LOCATION AND ACCESS
Uniform Resource Identifier <a href="https://www.hse.gov.uk/research/rrpdf/rr877.pdf">https://www.hse.gov.uk/research/rrpdf/rr877.pdf</a>
Public note View this item free of charge at www.hse.gov.uk
942 ## - ADDED ENTRY ELEMENTS (KOHA)
Suppress in OPAC 0
Holdings
Withdrawn status Lost status Source of classification or shelving scheme Damaged status Not for loan Home library Current library Shelving location Date acquired Total Checkouts Full call number Barcode Date last seen Copy number Price effective from Koha item type
    Dewey Decimal Classification     Virtual Virtual Online 02/06/2011   ONLINE PUBLICATION 153076-2001 06/08/2019 1 06/08/2019 Book